LEADER 01233cam0 2200277 450 001 E600200055841 005 20200429081604.0 100 $a20091105d1972 |||||ita|0103 ba 101 $afre 102 $aFR 200 1 $aMélanges. L'idée de lieu chez Aristote durée et simultanéité correspondance pièces diverses documents$fHenri Bergson$gTextes publiés et annotés par André Robinet avec la collaboration de Marie-Rose Mossé-Bastide, Martine Robinet et Michel Gauthier 210 $aParis$cPresses Universitaires de France$d1972 215 $aXXIII, 1962 p.$d18 cm 700 1$aBergson$b, Henri$3AF00012307$4070$047460 702 1$aMossè Bastide, R.M$3A600200051932$4070 702 1$aRobinet, André$3A600200033238$4070 702 1$aGauthier, M.$3A600200057891$4070 801 0$aIT$bUNISOB$c20200429$gRICA 850 $aUNISOB 852 $aUNISOB$j100$m75584 912 $aE600200055841 940 $aM 102 Monografia moderna SBN 941 $aM 957 $a100$b008654$gSi$d75584$racquisto$1pregresso1$2UNISOB$3UNISOB$420091105110232.0$520200429081537.0$6Spinosa 996 $aMélanges. L'idée de lieu chez Aristote durée et simultanéité correspondance pièces diverses documents$91706432 997 $aUNISOB